Gaming Quiz

Random Gaming or Video Games Quiz

Mario Games Quiz Stats

 Plays Quiz Updated Aug 21, 2019

Score 0/130 Timer 12:00
0 Plays Today
Year Game % Correct
1992Super Mario Kart
84.3%
1985Super Mario Bros.
79.9%
1988Super Mario Bros. 2
68.9%
1986Super Mario Bros. 2 (aka Lost Levels)
68.3%
1990Super Mario Bros. 3
66.7%
1996Super Mario 64
66.3%
1981Donkey Kong
64.9%
1999Mario Party
60.6%
2007Super Mario Galaxy
60.4%
1991Super Mario World
59.1%
2014Mario Kart 8
57.5%
2000Mario Party 2
57.1%
2015Mario Party 10
56.8%
2012Mario Party 9
56.7%
2001Mario Party 3
56.6%
2002Mario Party 4
56.1%
2003Mario Party 5
55.7%
2004Mario Party 6
55.6%
1999Super Smash Bros.
55.6%
2007Mario Party 8
55.3%
2005Mario Party 7
55.2%
2017Super Mario Odyssey
54.4%
2012New Super Mario Bros. U
54.3%
1983Mario Bros.
53.7%
1997Mario Kart 64
52.9%
2008Mario Kart Wii
51.6%
2011Mario Kart 7
50.5%
1995Mario's Tennis
50%
2002Super Mario Sunshine
49.9%
2000Mario Tennis
49.9%
2001Paper Mario
46.8%
1995Super Mario World 2: Yoshi's Island
45.4%
2003Mario Kart: Double Dash!!
45%
2008Super Smash Bros. Brawl
42.9%
2001Super Smash Bros. Melee
42.7%
2013Luigi's Mansion: Dark Moon
42.1%
1992Yoshi
41.8%
1999Mario Golf
40.9%
2006New Super Mario Bros.
40.7%
1989Super Mario Land
37.8%
2005Mario Kart DS
37%
2013Super Mario 3D World
36.2%
2018Super Smash Bros. Ultimate
33.1%
2011Super Mario 3D Land
33.1%
Year Game % Correct
2003Mario & Luigi: Superstar Saga
32.8%
Super Mario Maker 2
31.6%
1990Dr. Mario
31.4%
1992Super Mario Land 2: 6 Golden Coins
29.9%
2012New Super Mario Bros. 2
29.6%
2009New Super Mario Bros. Wii
29.4%
2015Super Mario Maker
29.1%
2018Mario Tennis Aces
27.6%
2005Super Mario Strikers
26.5%
1996Super Mario RPG: Legend of the Seven Stars
25.8%
2007Super Paper Mario
25.6%
2010Super Mario Galaxy 2
25.5%
2016Paper Mario: Color Splash
23%
2005Mario Superstar Baseball
22.1%
2012Paper Mario: Sticker Star
21.5%
1992Mario is Missing!
20.6%
1992Mario Paint
20.5%
2004Paper Mario: The Thousand-Year Door
20.3%
2015Mario vs. Donkey Kong: Tipping Stars
19.5%
2013Mario & Luigi: Dream Team
18.7%
2007Mario Party DS
18.6%
2016Mario & Luigi: Paper Jam
18.4%
2017Mario + Rabbids Kingdom Battle
17.8%
2007Mario & Sonic at the Olympic Games
17.6%
2005Mario & Luigi: Partners in Time
17.4%
2017Mario Party: The Top 100
15.6%
2013Mario Party: Island Tour
15.6%
2014Super Smash Bros. for Nintendo 3DS
15.2%
2004Mario vs. Donkey Kong
14.7%
2009Mario & Luigi: Bowser's Inside Story
14.6%
1994Hotel Mario
13.6%
1991Mario Teaches Typing
13.3%
2001Mario Kart Super Circuit
13%
1993Yoshi's Cookie
12.9%
2004Mario Power Tennis
12.4%
2003Mario Golf: Toadstool Tour
12%
2008Mario Super Sluggers
11.8%
2013New Super Luigi U
11.6%
2012Mario & Sonic at the London 2012 Olympic Games
11.5%
2007Mario Strikers Charged
11.3%
2015Mario Tennis: Ultra Smash
10.5%
1992Mario's Time Machine
10.2%
2011Mario & Sonic at the London 2012 Olympic Games
10.2%
2005Mario Party Advance
9.8%
Year Game % Correct
2005Mario Kart Arcade GP
9.7%
2006Mario Hoops 3-on-3
9.2%
2006Mario vs. Donkey Kong 2: March of the Minis
9.2%
2009Mario & Sonic at the Olympic Winter Games
9.2%
1985Wrecking Crew
8.8%
2012Nintendo Land
8.6%
2014Mario Golf: World Tour
8.7%
2012Mario Tennis Open
8.4%
2016Mario & Sonic at the Rio 2016 Olympic Games
8.4%
2013Dr. Luigi
7.7%
2017Mario Sports Superstars
7%
2006Yoshi's Island DS
6.9%
1995Mario Clash
6.7%
1995Mario's Picross
6.5%
1983Mario's Cement Factory
6.1%
1993Yoshi's Safari
6.1%
2007Mario Kart Arcade GP 2
6%
2011Fortune Street
5.7%
2005Dance Dance Revolution Mario Mix
5.2%
2013Mario & Sonic at the Sochi 2014 Olympic Winter Games
5%
2011Mario Sports Mix
4.5%
1983Mario's Bombs Away
4.3%
2013Mario and Donkey Kong: Minis on the Move
4%
2013NES Remix
3.9%
2004Mario Golf: Advance Tour
3.8%
2004Mario Pinball Land
3.7%
2015Dr. Mario: Miracle Cure
3.5%
2014NES Remix 2
3.4%
1993Mario's Early Years! Fun with Numbers
3.4%
2005Mario Tennis: Power Tour
3.4%
1993Mario's Early Years! Fun with Letters
3.3%
1995Mario's Picross 2
3.3%
2005Yoshi Touch & Go
3%
2013Game & Wario
2.9%
1991Mario the Juggler
2.8%
1991NES Open Tournament Golf
2.7%
1993Mario's Early Years! Preschool Fun
2.7%
2009Mario vs. Donkey Kong: Minis March Again
2.2%
2010Mario Vs. Donkey Kong: Mini-Land Mayhem
2%
1991Super Mario Bros. & Friends: When I Grow Up
2%
1995Mario's Game Gallery
1.5%
2009Dr. Mario Express
1.5%

You're not logged in!

Compare scores with friends on all Sporcle quizzes.
OR
Log In

Sporcle TV

Today on Sporcle TV


Watch our educational content, quiz creation guides, and fun videos on Sporcle TV.

Show Comments

Extras

Top Quizzes Today


Score Distribution

Your Account Isn't Verified!

In order to create a playlist on Sporcle, you need to verify the email address you used during registration. Go to your Sporcle Settings to finish the process.

Report this User

Report this user for behavior that violates our Community Guidelines.

Details: